000 01137nam a22002417a 4500
001 47272
003 BD-RjUL
005 20211209054303.0
008 160808s2007 bg ||||| |||| 00| 0 ben d
020 _a9843000002671
_c: TK 80.00
035 _a(BD-RjUL)47391
040 _aBD-RjUL
_beng
_cBD-RjUL
041 _aeng
082 _223
_a306.0954922
_bSAR 2007
100 _aসরকার, হারুন-অর রশিদ
_9143895
245 1 0 _aরাজশাহীর আদিবাসী সম্প্রদায় :
_bধর্মান্ত ও সাংস্কৃতিক সংকট /
_c হারুন-অর রশিদ সরকার
260 _aঢাকা :
_bপরিলেখ ,
_c২০০৭
300 _a১০৪ পৃ. ;
_c২১ সেমি.
500 _aনির্ঘন্ট সম্বলিত
650 _aSocial conditions
_xAdivasis
_y20th century
_z Rājshāhi District
_9143896
650 _aসামাজিক অবস্থা
_xআদিবাসী
_y২০শ শতাব্দী
_zরাজশাহী বিভাগ
_9143897
942 _2ddc
_cBK
999 _c47272
_d47272